Countries that speak a Romance Language - Statistics

General Stats
  • This quiz has been taken 68 times
    19 since last reset
  • The average score is 50 of 58
Answers on the Map
Answers color-coded by a green-red scale on the quiz's map according to % correct below.
 
Answer Stats
Answer % Correct
Andorra
100%
Canada
100%
Angola
86%
Belgium
86%
Benin
86%
Bolivia
86%
Brazil
86%
Burundi
86%
Cameroon
86%
Cape Verde
86%
Chad
86%
Chile
86%
Colombia
86%
Comoros
86%
Costa Rica
86%
Cuba
86%
Democratic Republic of the Congo
86%
Djibouti
86%
Dominican Republic
86%
East Timor
86%
Ecuador
86%
El Salvador
86%
Equatorial Guinea
86%
France
86%
Gabon
86%
Guatemala
86%
Guinea
86%
Guinea-Bissau
86%
Haiti
86%
Honduras
86%
Italy
86%
Ivory Coast
86%
Luxembourg
86%
Madagascar
86%
Moldova
86%
Monaco
86%
Mozambique
86%
Nicaragua
86%
Niger
86%
Panama
86%
Paraguay
86%
Peru
86%
Portugal
86%
Republic of the Congo
86%
Romania
86%
Rwanda
86%
San Marino
86%
São Tomé and Príncipe
86%
Senegal
86%
Seychelles
86%
Spain
86%
Switzerland
86%
Togo
86%
Uruguay
86%
Vanuatu
86%
Vatican City
86%
Venezuela
86%
Central African Republic
71%
No matching quizzes found
Score Distribution
Percent of People with Each Score
Percentile by Number Answered
Your Score History
You have not taken this quiz since the last reset